000 00726nam a22002417a 4500
003 UA-OsUOA
001 96884
007 ta
008 20130322b un ||||| |||| 00| 0 ukr d
100 _aМишулин А.
090 _a94(37)
_bМ67
942 _cBK
040 _aUA-OsUOA
_brus
_cUA-OsUOA
_dUA-OsUOA
245 _aСпартак
_bнаучно-популярный очерк
300 _a138 с.
_bІлюстрації
955 _a4
041 _arus
080 _a94(37)
260 _aМ.
_bГосударственное учебно-педагогическое издательство
_c1947
044 _aRU
650 7 _a9 Географія. Біографії. Історія
_2UDC
999 _c383143
_d383143